00330nam a2200133 a 450000500170000000800410001702000180005805000240007610000180010024500150011826000380013330000070017165000180017820140414132142.0140130s19uu xx 00 eng d a9788179873960 aM 745.54bMo71 1994 aMohini, Mudit aOrigami I. aNew Delhi :bVishv Books,cc1994. a32 aPaper folding